|
|
|
|
| LEADER |
00000cam a2200000 7i4500 |
| 001 |
0000017313 |
| 005 |
20061129.0 |
| 040 |
|
|
|a INS
|
| 090 |
0 |
0 |
|a HD 30.29
|
| 245 |
0 |
0 |
|a In an Instant Vol. 3 [
|h video recording] :
|b Immediate solutions to basic business problems
|c Presented by Anthony Salemi
|
| 260 |
|
|
|a Chicago :
|b jack wilson and Associates ,
|c n.d.
|
| 300 |
|
|
|a 1Video cassette (VHS) (0:36) :
|b sd.,col. ;
|c 1/2 in.
|
| 520 |
|
|
|
| 650 |
0 |
0 |
|a Personnel management
|
| 650 |
0 |
0 |
|a Supervision of employees
|
| 700 |
1 |
|
|a Salemi /h Anthony
|
| 999 |
|
|
|a VHS1069
|b VIDEO
|c Media Collection
|e Default branch
|